000 00316nam a22001457a 4500
008 230330b ||||| |||| 00| 0 eng d
020 _a9780838488010
041 _aeng
080 _a37
082 _a37CLO
100 _a22
101 _aEDUKIM
245 _aDUAL LANGUAGE INSTRUCTION
_cCLOUD.N
942 _2udc
_cBK
999 _c59482
_d59482